[Event "AUTO-ELITE-527"]
[Site "http://www.queenalice.com/game.php?id=757442"]
[Date "2010.4.7"]
[Round "1"]
[White "Toivop"]
[Black "Duncan"]
[Result "1-0"]
[WhiteElo "2402"]
[BlackElo "2268"]

1. e4 e5 2. Nf3 d6 3. d4 Nd7 4. Bc4 c6 5. O-O Be7 6. dxe5 dxe5 7. Ng5 Nh6 8. Ne6
fxe6 9. Bxh6 Nf6 10. Bxg7 Qxd1 11. Rxd1 Rg8 12. Bxf6 Bxf6 13. a4 Bd7 14. Ra3
O-O-O 15. Rf3 Rg6 16. Be2 Rdg8 17. g3 Bd8 18. Rf7 Be8 19. Rxh7 Bb6 20. a5 Bxa5
21. Nd2 b5 22. Bh5 Rf6 23. Bxe8 Rxe8 24. Rxa7 1-0

[Event "Challenge"]
[Site "http://www.queenalice.com/game.php?id=761421"]
[Date "2010.4.15"]
[Round "-"]
[White "Vanessahermosa"]
[Black "Toivop"]
[Result "0-1"]
[WhiteElo "1345"]
[BlackElo "2393"]

1. e4 e5 2. Bc4 d6 3. Qf3 Nf6 4. Nc3 Nc6 5. d3 Nd4 6. Qe3 Nxc2+ 7. Kf1 Nxe3+ 8.
Bxe3 c6 9. Bg5 Qb6 10. Na4 Qb4 11. Bb3 Be6 12. Bxf6 gxf6 13. Bxe6 fxe6 14. b3 b5
15. Nb2 Qc3 16. Rb1 Qc2 17. Re1 Qxb2 18. g3 Qxa2 19. d4 exd4 20. Re2 Qxb3 21.
Nh3 d3 22. Re3 Qc2 23. Nf4 d2 24. Kg2 Bh6 25. Re2 Bxf4 26. Kf3 Qd3+ 0-1

[Event "QA-ANNIV-04"]
[Site "http://www.queenalice.com/game.php?id=762161"]
[Date "2010.4.16"]
[Round "8"]
[White "Toivop"]
[Black "KirumbaKizumba"]
[Result "0-1"]
[WhiteElo "2412"]
[BlackElo "2412"]

1. e4 c6 2. d4 d5 3. e5 Bf5 4. Nc3 e6 5. h4 h6 6. g4 Bh7 7. Nf3 Qb6 8. a4 a6 9.
a5 Qc7 10. Bg2 c5 11. O-O Nc6 12. Be3 Nxa5 13. dxc5 Bxc5 14. Bxc5 Qxc5 15. Na4
Qc7 16. Qd4 Rd8 17. Nb6 Nc6 18. Qc5 Nge7 19. Nd4 Qxe5 20. Nxc6 Nxc6 21. c4 Be4
22. cxd5 Bxg2 23. Kxg2 Ne7 24. Rad1 Ng6 25. Qe3 Nf4+ 26. Kf3 Qxe3+ 27. Kxe3
Nxd5+ 28. Nxd5 exd5 29. Rd4 O-O 30. Rc1 Rc8 31. Rxc8 Rxc8 32. Rxd5 Rc2 33. b4
Rc4 34. Rd8+ Kh7 35. b5 Rxg4 36. Rd7 axb5 37. h5 b6 38. Rxf7 Rg5 39. Rb7 Rxh5
40. Rxb6 Rc5 41. f4 h5 42. Kf2 g6 43. Kg3 Kh6 44. Kh4 Kg7 45. Re6 Rf5 46. Kg3
h4+ 47. Kxh4 Rxf4+ 48. Kg5 Rf5+ 49. Kg4 Rc5 50. Rb6 Kh6 51. Kf3 Kh5 52. Rb7 g5
53. Rh7+ Kg6 54. Rd7 b4 55. Rb7 Rc3+ 56. Kg4 Rc4+ 57. Kf3 g4+ 58. Ke2 Rf4 59.
Rb8 Kg5 60. Ke3 Rf3+ 61. Ke2 b3 62. Rb4 Kh5 63. Rb6 Kh4 64. Rd6 b2 65. Rd1 Rb3
66. Rh1+ Kg3 67. Rb1 Kh2 68. Kd2 Rb8 69. Ke2 g3 70. Kd2 g2 71. Kc3 g1=Q 0-1

[Event "Challenge #05"]
[Site "http://www.queenalice.com/game.php?id=795385"]
[Date "2010.6.26"]
[Round "-"]
[White "Aylton"]
[Black "Toivop"]
[Result "0-1"]
[WhiteElo "2016"]
[BlackElo "2405"]

1. d4 d5 2. Nf3 Nf6 3. e3 Bf5 4. c4 c6 5. a3 e6 6. Nc3 Nbd7 7. Bd3 dxc4 8. Bxc4
Be7 9. O-O O-O 10. h3 h6 11. Re1 Ne4 12. Nxe4 Bxe4 13. Bd3 Bxf3 14. Qxf3 Ne5 15.
Qe4 Nxd3 16. Qxd3 c5 17. Rd1 cxd4 18. Qxd4 Qxd4 19. Rxd4 Bf6 20. Rd7 Rfd8 21.
Rxb7 Rd1+ 22. Kh2 a6 23. Rb6 Rc8 24. Rxa6 Rdxc1 25. Rxc1 Rxc1 26. b4 Rb1 27. Ra5
Bc3 28. Ra8+ Kh7 29. Ra7 Kg6 30. Ra5 Be1 31. f3 Bd2 32. Kg3 Bxe3 33. Kg4 f5+ 34.
Kg3 f4+ 35. Kh4 Rg1 0-1

[Event "Challenge #06"]
[Site "http://www.queenalice.com/game.php?id=795386"]
[Date "2010.6.26"]
[Round "-"]
[White "Toivop"]
[Black "Aylton"]
[Result "1-0"]
[WhiteElo "2404"]
[BlackElo "2040"]

1. b3 e5 2. Bb2 Nc6 3. Nf3 d6 4. e3 a6 5. d4 exd4 6. Nxd4 Bd7 7. Be2 Nf6 8. O-O
Be7 9. c4 O-O 10. Nc3 Nxd4 11. Qxd4 Bc6 12. Nd5 Bxd5 13. cxd5 c5 14. dxc6 bxc6
15. Rac1 c5 16. Qa4 Qb6 17. Rfd1 Rfd8 18. Bc3 a5 19. Bf3 Ra7 20. Rc2 Kf8 21. h3
h6 22. Rcd2 Ra6 23. Qf4 Qc7 24. e4 Kg8 25. e5 dxe5 26. Bxe5 Qc8 27. Rxd8+ Bxd8
28. Bg4 Qa8 29. Bb8 Nd5 30. Qe5 1-0

[Event "AUTO-ELITE-527"]
[Site "http://www.queenalice.com/game.php?id=806480"]
[Date "2010.7.21"]
[Round "2"]
[White "Donidon"]
[Black "Toivop"]
[Result "0-1"]
[WhiteElo "2277"]
[BlackElo "2395"]

1. e4 c5 2. Nf3 d6 3. d4 cxd4 4. Nxd4 Nf6 5. Nc3 a6 6. Be3 e5 7. Nb3 Nc6 8. Bd3
Be6 9. O-O Nb4 10. Be2 d5 11. exd5 Nfxd5 12. Nxd5 Nxd5 13. Bc5 Qc7 14. Bxf8 Rxf8
15. Bd3 O-O-O 16. Qe2 f5 17. Rfe1 e4 18. Bc4 Nf4 19. Bxe6+ Nxe6 20. f3 Nf4 21.
Qe3 exf3 22. Qxf3 g5 23. Rad1 Rxd1 24. Rxd1 Re8 25. Nd4 Qc5 26. Qf2 Re4 27. c3
h5 28. Rd2 h4 29. a3 Qe5 30. Kf1 Kc7 31. Nf3 Qb5+ 32. Kg1 g4 33. Nd4 Qe5 34. Rd1
h3 35. g3 Ne2+ 36. Kf1 Re3 37. Nxe2 Rf3 38. Rd4 Qe3 39. Qxf3 Qxf3+ 40. Ke1 Qh1+
41. Kd2 Qxh2 42. Rf4 Qg2 43. Rxf5 h2 44. Rf7+ Kd6 0-1

[Event "AUTO-ELITE-527"]
[Site "http://www.queenalice.com/game.php?id=806481"]
[Date "2010.7.21"]
[Round "2"]
[White "Toivop"]
[Black "Donidon"]
[Result "1-0"]
[WhiteElo "2386"]
[BlackElo "2361"]

1. c4 Nf6 2. Nc3 e5 3. Nf3 Nc6 4. g3 d5 5. cxd5 Nxd5 6. Bg2 Be6 7. O-O Be7 8. d4
exd4 9. Nxd4 Nxd4 10. Bxd5 c6 11. Qxd4 O-O 12. Rd1 Bf6 13. Qc5 Bxc3 14. Bb3 Qa5
15. Qxc3 Qxc3 16. bxc3 Rfe8 17. Be3 b6 18. Rd6 c5 19. Bxe6 Rxe6 20. Rxe6 fxe6
21. Rd1 Kf7 22. Rd7+ Kf6 23. Kg2 h6 24. Kf3 a6 25. Rb7 1-0

[Event "QA-ANNIV-04"]
[Site "http://www.queenalice.com/game.php?id=808048"]
[Date "2010.7.24"]
[Round "9"]
[White "smagoo"]
[Black "Toivop"]
[Result "1/2-1/2"]
[WhiteElo "2336"]
[BlackElo "2397"]

1. d4 d5 2. c4 e6 3. Nc3 Nf6 4. Nf3 Bb4 5. Bg5 dxc4 6. e4 c5 7. Bxc4 cxd4 8.
Nxd4 Bxc3+ 9. bxc3 Qa5 10. Nb5 Nxe4 11. Qd4 O-O 12. Qxe4 a6 13. Bd3 f5 14. Qb4
axb5 15. Qxa5 Rxa5 16. Be7 Re8 17. Bb4 Ra8 18. Bxb5 Bd7 19. Bc4 Na6 20. Bxa6
Rxa6 21. O-O e5 22. Rfd1 Be6 23. a3 1/2-1/2

[Event "Challenge"]
[Site "http://www.queenalice.com/game.php?id=810483"]
[Date "2010.7.29"]
[Round "-"]
[White "Eliasz"]
[Black "Toivop"]
[Result "1-0"]
[WhiteElo "1658"]
[BlackElo "2406"]

1. e4 e5 2. Nf3 Nf6 3. d4 Nxe4 4. Qe2 d5 5. Nxe5 Be7 6. Nc3 Nxc3 7. bxc3 O-O 8.
g3 c5 9. Bg2 cxd4 10. cxd4 Bb4+ 11. Bd2 Bxd2+ 12. Qxd2 f6 13. Nf3 Re8+ 14. Kf1
Nd7 15. Re1 Nb6 16. Rxe8+ Qxe8 17. Qe2 Qa4 18. c3 Bf5 19. Nh4 Re8 20. Qd2 Qb5+
21. Kg1 1-0

[Event "AUTO-ELITE-631"]
[Site "http://www.queenalice.com/game.php?id=834673"]
[Date "2010.9.18"]
[Round "1"]
[White "jotu"]
[Black "Toivop"]
[Result "0-1"]
[WhiteElo "2347"]
[BlackElo "2402"]

1. e4 c5 2. Nf3 d6 3. d4 cxd4 4. Nxd4 Nf6 5. Nc3 a6 6. Bg5 e6 7. f4 Qb6 8. Nb3
Be7 9. Be2 Nbd7 10. Qd2 Qc7 11. Bf3 h6 12. Bxf6 Nxf6 13. O-O-O Bd7 14. Rhe1 e5
15. f5 b5 16. Kb1 O-O 17. g4 b4 18. Ne2 Rfc8 19. h4 Nh7 20. Rh1 a5 21. Na1 Bc6
22. c4 Qd8 23. Nc2 Bxh4 24. Qxd6 Qxd6 25. Rxd6 Be7 26. Rd3 Ng5 27. Ng3 Rd8 28.
Be2 Nxe4 29. Nxe4 Bxe4 30. Rxd8+ Rxd8 31. Rd1 Rxd1+ 32. Bxd1 Bd3 33. b3 e4 34.
Kb2 Bf6+ 35. Kc1 Bg5+ 36. Kb2 Bd2 0-1

[Event "AUTO-ELITE-631"]
[Site "http://www.queenalice.com/game.php?id=834674"]
[Date "2010.9.18"]
[Round "1"]
[White "Toivop"]
[Black "jotu"]
[Result "1-0"]
[WhiteElo "2394"]
[BlackElo "2296"]

1. e4 e5 2. Nf3 Nc6 3. Bb5 a6 4. Ba4 f5 5. d3 fxe4 6. dxe4 Nf6 7. O-O d6 8. Qd3
b5 9. Bb3 Na5 10. a4 Nxb3 11. Qxb3 bxa4 12. Qc4 Bb7 13. Nc3 Qd7 14. Rd1 Qc6 15.
Qe6+ Be7 16. Rxa4 Bc8 17. Nxe5 Bxe6 18. Nxc6 Kd7 19. Nd4 Rhf8 20. f3 c5 21. Nxe6
Kxe6 22. Bd2 Rfb8 23. b3 Rb4 24. Rxb4 cxb4 25. Nd5 1-0

[Event "AUTO-ELITE-631"]
[Site "http://www.queenalice.com/game.php?id=834679"]
[Date "2010.9.18"]
[Round "1"]
[White "Toivop"]
[Black "Chandra"]
[Result "1/2-1/2"]
[WhiteElo "2402"]
[BlackElo "2264"]

1. e4 Nf6 2. d3 e5 3. Be3 d5 4. f3 Nc6 5. Nd2 Be7 6. Ne2 O-O 7. g4 h6 8. Bg2
dxe4 9. Nxe4 Re8 10. Nxf6+ Bxf6 11. Qd2 Bh4+ 12. Ng3 Ne7 13. O-O-O Nd5 14. Kb1
Nxe3 15. Qxe3 Bg5 16. Qg1 Qd4 17. Re1 Qxg1 18. Rhxg1 Bd7 19. Rh1 Bf4 20. Nh5 c5
21. b3 Bc6 22. Re2 f6 23. Kb2 Kf7 24. Kc3 Rad8 25. Nxf4 exf4 26. Rhe1 Rxe2 27.
Rxe2 g5 28. a4 b6 29. Kc4 Rd4+ 30. Kc3 Rd8 31. Kc4 Rd5 32. h3 Re5 33. Rxe5 fxe5
34. Kc3 Ke6 35. Kd2 Kd6 36. c4 Kc7 37. Kc3 Kb7 38. Kd2 Ka6 39. Kc3 Ka5 40. Bh1
Bb7 41. Bg2 Bc6 1/2-1/2

[Event "AUTO-ELITE-631"]
[Site "http://www.queenalice.com/game.php?id=834680"]
[Date "2010.9.18"]
[Round "1"]
[White "Chandra"]
[Black "Toivop"]
[Result "1/2-1/2"]
[WhiteElo "2270"]
[BlackElo "2398"]

1. d4 Nf6 2. c4 e6 3. Nf3 b6 4. Nc3 Bb4 5. e3 Bb7 6. Bd3 O-O 7. O-O d5 8. cxd5
exd5 9. Bd2 Bd6 10. Nb5 Be7 11. Qc2 c5 12. Rad1 a6 13. Nc3 Nc6 14. Be2 Qc7 15.
dxc5 bxc5 16. Na4 Ne4 17. Nc3 Nb4 18. Qb1 Nf6 19. Na4 Rab8 20. a3 Nc6 21. Qc2
Ne4 22. Nc3 Nd8 23. Nxe4 dxe4 24. Nd4 Bd6 25. Nf5 Bxh2+ 26. Kh1 Be5 27. Bc3 Ne6
28. Bc4 Bxc3 29. Qxc3 Rfd8 30. Kg1 a5 31. a4 h6 32. Ng3 Ba8 33. b3 Bb7 34. Rxd8+
Rxd8 35. Rc1 Kh7 36. Qc2 Qc6 37. f3 Ng5 38. f4 Ne6 39. Kh2 Ba8 40. Qc3 Qb6 41.
Bxe6 Qxe6 42. Qxa5 Qf6 43. Nf1 Bd5 44. Qxc5 Bxb3 45. a5 Rd3 46. Qc6 Qxc6 47.
Rxc6 Ba2 48. f5 Ra3 49. Rc5 Bb1 50. g4 Ra2+ 51. Kh3 Ra3 52. Rd5 Bd3 53. Ng3 Ba6
54. Rd7 Kg8 55. Rd8+ Kh7 56. Rf8 Bc4 57. Rc8 1/2-1/2

[Event "AUTO-ELITE-631"]
[Site "http://www.queenalice.com/game.php?id=891972"]
[Date "2011.1.27"]
[Round "2"]
[White "raszytko"]
[Black "Toivop"]
[Result "0-1"]
[WhiteElo "2457"]
[BlackElo "2406"]

1. d4 Nf6 2. c4 e6 3. Nc3 d5 4. Bg5 Be7 5. e3 O-O 6. Nf3 h6 7. Bh4 b6 8. Bd3
dxc4 9. Bxc4 Bb7 10. O-O Nbd7 11. Qe2 a6 12. Rad1 b5 13. Bd3 Rc8 14. Bc2 Nd5 15.
Nxd5 Bxd5 16. Bxe7 Qxe7 17. e4 Bb7 18. Rfe1 Rfd8 19. Qe3 Qb4 20. Bb1 Qxb2 21. a3
c5 22. d5 exd5 23. exd5 Qf6 24. Ne5 Nxe5 25. Qxe5 Qxe5 26. Rxe5 f6 27. Rh5 Rd6
28. Bf5 Rcd8 29. f3 Kf7 30. Be4 b4 31. axb4 cxb4 32. Bd3 Bxd5 33. Rxd5 Rxd5 34.
Bc4 Ke6 35. f4 h5 36. Rd4 a5 37. Kf2 g5 38. Kf3 f5 39. Ba2 Rd6 40. h3 Rd7 41. g4
hxg4+ 42. hxg4 gxf4 43. Kxf4 fxg4 44. Ke4 g3 45. Bxd5+ Kd6 46. Rd1 Rg7 47. Bb3+
Kc5 48. Ba4 g2 49. Rc1+ Kd6 50. Rd1+ Kc7 51. Rg1 Kb6 52. Ke5 Rg4 53. Bd1 Rg3 54.
Kf4 Rg7 55. Ba4 Kc5 56. Ke4 Rg3 57. Kf4 Ra3 58. Bc2 Ra2 59. Bb3 Re2 60. Ba4 Kd4
61. Bb5 Rf2+ 62. Kg3 Ra2 63. Kh2 b3 64. Rd1+ Kc3 65. Rd8 b2 66. Rc8+ Kd4 67.
Rd8+ Kc5 68. Bd3 a4 69. Rc8+ Kd4 70. Rd8+ Kc3 71. Bg6 a3 72. Rc8+ Kd4 73. Rb8
Kc5 74. Rc8+ Kb6 75. Rf8 Kc7 76. Rf7+ Kc6 77. Rf6+ Kc5 78. Rf5+ Kd4 79. Rf4+ Ke3
80. Rb4 Kf3 81. Rb3+ Kf2 82. Rg3 g1=Q+ 83. Rxg1 Kf3 84. Rg3+ Kf4 85. Rg2 Ra1 86.
Rf2+ Ke3 87. Kg2 a2 88. Rxb2 Rg1+ 89. Kxg1 a1=Q+ 90. Rb1 Qd4 91. Rb3+ Kf4+ 92.
Kh2 Qf2+ 93. Kh3 Qf1+ 94. Kh2 Qe2+ 95. Kg1 Qd1+ 96. Kf2 Qxb3 97. Ke2 Qe6+ 98.
Kd1 Qxg6 99. Kd2 Qg3 100. Kc2 Ke4 101. Kb2 Kd3 102. Ka2 Kc2 0-1

[Event "AUTO-ELITE-631"]
[Site "http://www.queenalice.com/game.php?id=891973"]
[Date "2011.1.27"]
[Round "2"]
[White "Toivop"]
[Black "raszytko"]
[Result "1/2-1/2"]
[WhiteElo "2412"]
[BlackElo "2450"]

1. Nf3 Nf6 2. d4 e6 3. Nbd2 d5 4. e3 c5 5. c4 Nc6 6. Bd3 cxd4 7. exd4 dxc4 8.
Nxc4 Nxd4 9. O-O Nc6 10. Qe2 Qc7 11. g3 Bc5 12. Bf4 Qe7 13. a3 a5 14. Nce5 Nxe5
15. Nxe5 O-O 16. Bg5 h6 17. Bxf6 Qxf6 18. Rad1 a4 19. Be4 Ra7 20. Ng4 Qe7 21.
Ne5 Qf6 22. Ng4 Qg5 23. h4 Qe7 24. Ne5 Qc7 25. Rfe1 Ra5 26. Kg2 Be7 27. f4 Rc5
28. Rd2 Rd8 29. Red1 Rxd2 30. Rxd2 b6 31. Kh2 g6 32. Nd3 Ra5 33. Rc2 Qd8 34. Ne5
Ba6 35. Qd2 Qxd2+ 36. Rxd2 Bb5 37. Kg2 g5 38. hxg5 hxg5 39. Nc6 Bxc6 40. Bxc6
Rc5 41. Bxa4 gxf4 42. gxf4 Rc4 43. Bb5 Rxf4 44. Rd7 Bc5 45. b4 Bd4 46. a4 Bc3
47. Rd6 Kg7 48. Rxb6 Rxb4 49. Kf3 e5 50. Rb7 Rf4+ 51. Ke2 Kh6 52. Rc7 Bb4 53.
Ra7 e4 54. Rb7 Bc5 55. Rc7 Rf2+ 56. Ke1 Rf5 57. Ke2 f6 58. Bd7 Re5 59. a5 Bd4
60. a6 Kg5 61. Rc4 Bc5 62. Ra4 Ba7 63. Rc4 Kf4 64. Rc7 Be3 65. Rc6 f5 66. Rf6
Bd4 67. Rf7 Ra5 68. Bxf5 Ra2+ 69. Kd1 Rxa6 70. Bc8+ Rf6 71. Rxf6+ Bxf6 72. Ke2
Bd4 73. Be6 e3 74. Bd5 Kg3 75. Be4 Kh2 76. Kf3 Kg1 77. Bd3 Ba7 78. Be2 Bd4 79.
Bb5 Bc5 1/2-1/2

[Event "AUTO-ELITE-631"]
[Site "http://www.queenalice.com/game.php?id=891976"]
[Date "2011.1.27"]
[Round "2"]
[White "Toivop"]
[Black "Chandra"]
[Result "1/2-1/2"]
[WhiteElo "2410"]
[BlackElo "2448"]

1. e4 e5 2. Nf3 Nc6 3. Bb5 a6 4. Ba4 Nf6 5. O-O b5 6. Bb3 d6 7. h3 Be7 8. Re1
Na5 9. d3 O-O 10. Bd2 c6 11. Bc3 Rb8 12. Qd2 Nxb3 13. axb3 Qd7 14. d4 exd4 15.
Bxd4 Rd8 16. e5 dxe5 17. Bxe5 Ra8 18. Qxd7 Bxd7 19. c4 Re8 20. Rd1 Bf5 21. Nd4
Bd7 22. Nc3 h6 23. Kh2 c5 24. Ndxb5 axb5 25. Rxa8 Rxa8 26. Bxf6 Bxf6 27. Rxd7
Bxc3 28. bxc3 bxc4 29. bxc4 Ra4 30. Kg3 Rxc4 31. Rd3 f6 32. f4 Kf7 1/2-1/2

[Event "AUTO-ELITE-631"]
[Site "http://www.queenalice.com/game.php?id=891977"]
[Date "2011.1.27"]
[Round "2"]
[White "Chandra"]
[Black "Toivop"]
[Result "1/2-1/2"]
[WhiteElo "2459"]
[BlackElo "2411"]

1. d4 d5 2. Bf4 Nf6 3. Nc3 Bf5 4. e3 e6 5. Bd3 Bxd3 6. cxd3 Bd6 7. Be5 Nc6 8.
Nf3 Ng4 9. Bxd6 cxd6 10. O-O Qb6 11. Rb1 a5 12. e4 O-O 13. exd5 Nxd4 14. Nxd4
Qxd4 15. h3 Ne5 16. Re1 exd5 17. Nb5 Qb6 18. a4 d4 19. Rc1 Rac8 20. Rxc8 Rxc8
21. Re4 Qc5 22. Qe1 f6 23. f4 d5 24. Rxd4 Qc1 25. Qxc1 Rxc1+ 26. Kh2 Ng6 27.
Rxd5 Nxf4 28. Rd8+ Kf7 29. Rd7+ Kg6 30. Nd4 Rd1 31. Rxb7 Rxd3 32. Nb3 Rd5 33.
Rb5 Rd3 34. Nxa5 Rd4 35. b3 Rd2 36. Kg3 Ne2+ 37. Kf3 Ng1+ 38. Ke3 Rxg2 39. h4
Nh3 40. Nc6 Rc2 41. Nd4 Ra2 42. a5 h5 43. Rf5 Ra1 44. Rf3 Ng5 45. hxg5 fxg5 46.
Nc6 Kh6 47. Rf8 g4 48. Rf4 Ra3 49. Kf2 Ra2+ 50. Kg1 Ra1+ 51. Rf1 Ra2 52. Rf4
Ra1+ 53. Kg2 Ra2+ 54. Rf2 Ra3 55. b4 Kg5 56. Nd4 h4 57. Rf5+ Kg6 58. Rc5 h3+ 59.
Kh2 Rd3 60. Ne2 Rd2 61. Re5 Kf6 62. Re8 Ra2 63. Kg3 Kg5 64. Re5+ Kf6 65. Re3 g5
66. Kf2 Kg6 67. Kg3 Kf6 68. Re8 Kf7 69. Re4 Kf6 70. Re8 1/2-1/2

[Event "Challenge"]
[Site "http://www.queenalice.com/game.php?id=894956"]
[Date "2011.2.2"]
[Round "-"]
[White "Toivop"]
[Black "augustoluizheck"]
[Result "1-0"]
[WhiteElo "2409"]
[BlackElo "1471"]

1. Nf3 d5 2. d4 c5 3. c4 dxc4 4. e3 Bg4 5. Bxc4 Nf6 6. Ne5 Be6 7. Bxe6 fxe6 8.
O-O g6 9. Qb3 Qc7 10. Qxe6 Nbd7 11. Qf7+ Kd8 12. Rd1 Nxe5 13. dxe5+ Kc8 14. exf6
exf6 15. Qe8+ 1-0

[Event "Challenge"]
[Site "http://www.queenalice.com/game.php?id=905609"]
[Date "2011.2.25"]
[Round "-"]
[White "Gabrisco"]
[Black "Toivop"]
[Result "1-0"]
[WhiteElo "2158"]
[BlackElo "2415"]

1. Nc3 d5 2. d4 c6 3. Bf4 Nf6 4. e3 Bf5 5. Nf3 e6 6. Bd3 Be7 7. O-O O-O 8. h3
Nbd7 9. Rb1 Ne4 10. Bxe4 Bxe4 11. Nxe4 dxe4 12. Nd2 f5 13. Qe2 Nf6 14. Nc4 Nd5
15. Bh2 c5 16. Rbd1 cxd4 17. Rxd4 Rc8 18. Ne5 Bc5 19. Rd2 Qg5 20. Kh1 Qe7 21.
Rfd1 Rfd8 22. a3 Nf6 23. Qb5 Rxd2 24. Rxd2 Bd6 25. Qb3 Ne8 26. Bf4 Rd8 27. Bg5
Nf6 28. c3 Bc7 29. Rxd8+ Bxd8 30. Kg1 Qd6 31. Bf4 Qa6 32. Qb4 Qb6 33. Qa4 Qc5
34. Nd7 Nxd7 35. Qxd7 Qe7 36. Qc8 Kf7 37. c4 Ke8 38. Be5 a6 39. g3 g5 40. Qa8
Kf7 41. Kg2 Qd7 42. c5 h5 43. b3 Kg6 44. Qb8 h4 45. gxh4 gxh4 46. b4 Bf6 47. Bd6
Kh7 48. a4 Qg7+ 49. Kf1 Bg5 50. Be5 Qd7 51. Qd6 Qc6 52. b5 Qxd6 53. Bxd6 axb5
54. axb5 Bd8 55. b6 Bxb6 56. cxb6 Kh6 57. Ke2 Kg6 58. Kd2 1-0

[Event "Challenge"]
[Site "http://www.queenalice.com/game.php?id=921671"]
[Date "2011.4.4"]
[Round "-"]
[White "Toivop"]
[Black "Rudolf"]
[Result "0-1"]
[WhiteElo "2413"]
[BlackElo "2450"]

1. Nf3 Nf6 2. g3 d5 3. c4 c6 4. Bg2 dxc4 5. O-O b5 6. a4 Bb7 7. b3 e6 8. axb5
cxb5 9. Na3 Qb6 10. bxc4 b4 11. Nb5 a6 12. Nbd4 Nbd7 13. d3 Bc5 14. Nb3 a5 15.
Nxc5 Nxc5 16. d4 Ncd7 17. Qb3 O-O 18. Be3 h6 19. Bf4 Rfc8 20. Rab1 Qa6 21. Rfc1
Ne4 22. Qd3 Ra7 23. Rb3 Nc3 24. Rbxc3 bxc3 25. Qxc3 a4 26. Qc2 g5 27. Be3 Bd5
28. c5 a3 29. h4 a2 30. Ra1 Qb7 31. hxg5 Rb8 32. Nd2 Bxg2 33. f3 Bh3 34. Rxa2
Rxa2 35. Qxa2 hxg5 36. Bxg5 e5 37. Kf2 exd4 38. Qc4 Qb5 39. Qxd4 Qxc5 40. Qxc5
Nxc5 41. g4 f5 42. gxf5 Bxf5 43. Be3 Rb2 44. Ke1 Rc2 45. Nf1 Kf7 46. Bd4 Nb3 47.
Be5 Bc8 48. Ne3 Ra2 49. Nd1 Ba6 50. Nc3 Rc2 51. Bh8 Kg6 52. Be5 Bc4 53. Bh8 Nc1
54. Kd1 Bb3 55. Ke1 Rb2 56. Kf2 Bc4 57. Ke3 Nxe2 58. Nxe2 Rxe2+ 59. Kd4 Bf7 60.
Be5 Kf5 61. f4 Re1 62. Kc5 Rd1 63. Kc6 Rd5 64. Kb6 Be8 65. Kc7 Ke6 66. Ba1 Rc5+
67. Kb7 Bd7 68. Kb6 Kd5 69. Be5 Kc4 70. Bb8 Rb5+ 71. Kc7 Bf5 72. Ba7 Rd5 73. Kc6
Be4 74. Bb8 Rb5+ 75. Kc7 Rb7+ 76. Kc8 Kc5 77. f5 Kc6 0-1